000 05014cam a22007214i 4500
003 PE-LiUPU
005 20250731172837.0
008 151021s2014 flu rb 001 0 spa d
020 _a9781611612943
035 _a(Sirsi) i9781611612943
040 _aPE-LiUPU
_bspa
_cPE-LiUPU
_erda
041 1 _aspa
_heng
049 _aPRUA
050 _aBS1556
_b.C53 2014
082 0 4 _a263.1
_bS1
082 0 4 _a286.73205
_bCA
_221
245 0 3 _aEl sábado en las escrituras y en la historia /
_cKenneth A. Strand editor.
250 _aPrimera edición.
264 1 _aDoral, Florida :
_bAsociación Publicadora Interamericana,
_c2014.
300 _axxix, 523 páginas ;
_c25 centímetros.
336 _atext
_2rdacontent
337 _aunmediated
_2rdamedia
338 _avolume
_2rdacarrier
490 1 _aClásicos del Adventismo ;
_v10
505 0 _aEl sábado y el domingo en el periodo bíblico -- El sábado en el Pentateuco -- El sábado en los libros proféticos e históricos del Antiguo Testamento -- El sábado en el periodo intertestamentario -- El sábado rabínico -- El sábado en el Nuevo Testamento -- El domingo en el Nuevo Testamento -- El sábado y el domingo en la historia de la iglesia cristiana -- El surgimiento del domingo en el cristianismo primitivo -- El sábado en Asia -- El sábado en Egipto y Etiopía -- El sábado y el día del señor durante la Edad Media -- El sábado y el domingo en la era de la Reforma -- El día de reposo en el puritanismo -- El sábado en el Nuevo Mundo -- Teología del sábado.
526 _aSEG42
526 _aSEG41
526 _aSEG40
526 _aSEG39
526 _aP94
526 _aP87
526 _aP86
526 _aP85
526 _aP77
526 _aP76
526 _aP35
534 _pTítulo Original :
_tThe Sabbath in the scriptures and history.
541 _g0800-00000074;
700 1 _aStrand, Kenneth A.,
_eeditor.
910 _ardg
_bjck
_crdg
_d20151021
942 _2ddc
_cBOOK
949 _a263.1 S1
_wDEWEY
_c2
_i75618
_d2017-5-18
_e2017-5-16
_f2017-2-14
_g1
_lCCODEBUL1
_mBUL
_n1
_p23.00
_r0
_sY
_tBOOK
_u2017-2-2
_xTEOLOGIA
_PP35
_0COMPRA
_o.STAFF. Colección Teología
949 _a263.1 S1
_wDEWEY
_c3
_i75619
_f2017-2-14
_g1
_lCCODEBUL1
_mBUL
_p23.00
_r0
_sY
_tBOOK
_u2017-2-2
_xTEOLOGIA
_PP35
_0COMPRA
_o.STAFF. Colección Teología
949 _a263.1 S1
_wDEWEY
_c4
_i75620
_d2017-4-26
_e2017-4-23
_f2017-2-14
_g1
_lCCODEBUL1
_mBUL
_n1
_p23.00
_r0
_sY
_tBOOK
_u2017-2-2
_xTEOLOGIA
_PP35
_0COMPRA
_o.STAFF. Colección Teología
949 _aBV125 .S2 2014
_wDEWEY
_c1
_iCW00240
_lCIA
_mBWL
_p23.00
_r0
_sY
_tBOOK
_u2017-3-14
_xWHITE
_zUNKNOWN
_0COMPRA
_o.STAFF. Centro White
949 _aBV125 .S2 2014
_wDEWEY
_c2
_iCW00241
_lCIA
_mBWL
_p23.00
_r0
_sY
_tBOOK
_u2017-3-14
_xWHITE
_zUNKNOWN
_0COMPRA
_o.STAFF. Centro White
949 _aBV125 .S2 2014
_wDEWEY
_c3
_iCW00242
_lCIA
_mBWL
_p23.00
_r0
_sY
_tBOOK
_u2017-3-14
_xWHITE
_zUNKNOWN
_0COMPRA
_o.STAFF. Centro White
949 _aBV125 .S2 2014
_wDEWEY
_c4
_iCW00243
_lCIA
_mBWL
_p23.00
_r0
_sY
_tBOOK
_u2017-3-14
_xWHITE
_zUNKNOWN
_0COMPRA
_o.STAFF. Centro White
949 _aBV125 .S2 2014
_wDEWEY
_c5
_i155028-1001
_lCIA
_mBWL
_p23.00
_r0
_sY
_tBOOK
_u2017-3-14
_xWHITE
_zUNKNOWN
_0COMPRA
_o.STAFF. Centro White
949 _aBV125 .S2 2014
_wDEWEY
_c6
_iCW00244
_lCIA
_mBWL
_r0
_sY
_tBOOK
_u2017-3-14
_xWHITE
_zUNKNOWN
_0COMPRA
_o.STAFF. Centro White
994 _aC0
_bPEPRU
596 _a1 4
999 _a263.1 S1
_wDEWEY
_c7720
_i75618
_d7720
_e2018-5-15
_f2021-11-10
_g5
_lCCODEBUL1
_mBUL
_n4
_p23.00
_q4
_r0
_sY
_tBOOK
_u2017-2-2
_xTEOLOGIA
_PP35
_0COMPRA
_o.STAFF. Colección Teología
999 _a263.1 S1
_wDEWEY
_c3
_i75619
_d2019-6-19
_e2019-6-11
_f2021-11-10
_g5
_lCCODEBUL1
_mBUL
_n7
_p23.00
_q4
_r0
_sY
_tBOOK
_u2017-2-2
_xTEOLOGIA
_PP35
_0COMPRA
_o.STAFF. Colección Teología
999 _a263.1 S1
_wDEWEY
_c4
_i75620
_d2019-6-25
_e2019-6-10
_f2021-11-10
_g5
_lCCODEBUL1
_mBUL
_n17
_p23.00
_q7
_r0
_sY
_tBOOK
_u2017-2-2
_xTEOLOGIA
_PP35
_0COMPRA
_o.STAFF. Colección Teología
999 _aBV125 .S2 2014
_wDEWEY
_c1
_iCW00240
_lCCODECWL1
_mBUL
_p23.00
_r0
_sY
_tBOOK
_u2017-3-14
_xWHITE
_zUNKNOWN
_0COMPRA
_o.STAFF. Centro White
999 _aBV125 .S2 2014
_wDEWEY
_c2
_iCW00241
_lCCODECWL1
_mBUL
_p23.00
_r0
_sY
_tBOOK
_u2017-3-14
_xWHITE
_zUNKNOWN
_0COMPRA
_o.STAFF. Centro White
999 _a286.73205 CA V10 2014
_wDEWEY
_c1
_i155028-1001
_lCRAI-HOUSE
_mBWL
_p23.00
_r0
_sY
_tBOOK
_u2017-3-14
_xWHITE
_zUNKNOWN
_0COMPRA
_o.STAFF. Centro White
999 _a286.73205 CA V10 2014
_wDEWEY
_c2
_iCW00242
_f2021-12-22
_g2
_lCCODECWL1
_mBWL
_p23.00
_r0
_sY
_tBOOK
_u2017-3-14
_xWHITE
_zUNKNOWN
_0COMPRA
_o.STAFF. Centro White
999 _a286.73205 CA V10 2014
_wDEWEY
_c3
_iCW00243
_f2021-12-22
_g2
_lCCODECWL1
_mBWL
_p23.00
_r0
_sY
_tBOOK
_u2017-3-14
_xWHITE
_zUNKNOWN
_0COMPRA
_o.STAFF. Centro White
999 _a286.73205 CA V10 2014
_wDEWEY
_c4
_iCW00244
_f2021-12-22
_g2
_lCCODECWL1
_mBWL
_r0
_sY
_tBOOK
_u2017-3-14
_xWHITE
_zUNKNOWN
_0COMPRA
_o.STAFF. Centro White
980 _81
_gALBERTO SANCHEZ Responsable de Automatización